000
00322 a2200157 4500
001
192399
020
_a
978-85-8163-014-4
040
_c
Magnum
100
_a
Price, Lissa
240
1
0
_a
Starters
_l
por
245
1
0
_a
Starters
300
_a
367
362
0
_a
2012
697
_a
LITERATURA GERAL ESTRANGEIRA
942
_c
BK
999
_c
192399
_d
192399